000 00393nam a2200157Ia 4500
003 GCL
008 140319s9999 xx 000 0 eng d
040 _aGCL /
_cGCL
082 0 4 _a822
_bG T
100 1 _aGALSWORTHY, J.
245 1 0 _aTEN FAMOUS PLAYS /
_cGALSWORTHY, J.
260 _a[S.N] :
_bDUCKWORTH & CO. ،
_c1952
650 0 4 _aENGLISH LITERATURE
650 0 4 _aDRAMA
942 _2ddc
_cBK
999 _c19745
_d19745